The case of Charles Cottington Esq : the heir and last now living of the family of the right honourable Francis late Lord Cottington, humbly offered to the consideration of Parliament.

Bibliographic Details
Main Author: Cottington, Charles
Corporate Author: England and Wales. Parliament
Format: eBook
Language:English
Published: [London : publisher not identified, 1680]
Series:Early English books online.
Subjects:
Online Access:Connect to the full text of this electronic book

MARC

Tag First Indicator Second Indicator Subfields
LEADER 00000nam a2200000Ia 4500
001 in00004341920
005 20200812095130.0
006 m g d
007 cr bn |||a|bb|
008 130830s1680 enk o 000 0 eng d
040 |a UMI  |e dcrmb  |c UMI 
035 |a (OCoLC)857312606 
037 |a CL0037000138  |b ProQuest, 789 E. Eisenhower Parkway, Ann Arbor, MI 48108-3218 
043 |a e-uk-en 
090 |a KD379  |b .C68 1680 
049 |a UMIA 
100 1 |a Cottington, Charles. 
245 1 4 |a The case of Charles Cottington Esq :  |b the heir and last now living of the family of the right honourable Francis late Lord Cottington, humbly offered to the consideration of Parliament. 
260 |a [London :  |b publisher not identified,  |c 1680] 
300 |a 1 online resource (4 pages) 
336 |a text  |b txt  |2 rdacontent 
337 |a computer  |b c  |2 rdamedia 
338 |a online resource  |b cr  |2 rdacarrier 
500 |a Place and date of publication suggested by Wing (2nd edition, 1994). 
500 |a Reproduction of original in: Balliol College (University of Oxford). Library. 
510 4 |a Wing (2nd edition, 1994),  |c C889B 
510 4 |a ESTC  |c R233945 
533 |a Electronic reproduction.  |b Ann Arbor, Mich. :  |c UMI,  |d 1999-  |f (Early English books online)  |n Digital version of: (Early English Books, 1641-1700 ; 3032:17)  |7 s1999 miun s 
600 1 0 |a Cottington, Angela Margarita  |v Trials, litigation, etc.  |v Early works to 1800. 
600 1 0 |a Cottington, Charles  |v Trials, litigation, etc.  |v Early works to 1800. 
650 0 |a Marriage law  |z England  |v Early works to 1800. 
710 1 |a England and Wales.  |b Parliament. 
752 |a Great Britain  |b England  |d London. 
830 0 |a Early English books online. 
856 4 0 |u http://proxy.library.tamu.edu/login?url=https://search.proquest.com/docview/2240864141  |z Connect to the full text of this electronic book  |t 0 
994 |a 01  |b UMI 
999 f f |s 0f965e95-0e26-3c97-b235-d296bc0053fe  |i 34c27286-41be-3d98-9456-4d35a2c867f0  |t 0 
952 f f |a Texas A&M University  |b College Station  |c Electronic Resources  |d Available Online  |t 0  |e KD379 .C68 1680  |h Library of Congress classification 
998 f f |a KD379 .C68 1680  |t 0  |l Available Online